[Event "Titled Tue 29th Apr Early"]
[Site "chess.com INT"]
[Date "2025.04.29"]
[Round "5"]
[White "Caruana, F.."]
[Black "Jumabayev, R.."]
[Result "0-1"]
[WhiteElo "2776"]
[BlackElo "2549"]
[PlyCount "134"]
[EventDate "2025.04.29"]

1. d4 Nf6 2. c4 e6 3. Nc3 Bb4 4. e3 O-O 5. a3 Bxc3+ 6. bxc3 c5 7. Bd3 Nc6 8. Rb1 b6 ({RR} 8... Re8 9. Ne2 e5 10. O-O e4 11. Bc2 b6 12. f3 Ba6 13. fxe4 Nxe4 14. Rf4 d5 15. cxd5 Qxd5 16. c4 Qxc4 17. Bxe4 Rxe4 18. Rxe4 Qxe2 19. Qxe2 Bxe2 20. Rb3 c4 21. Rc3 Bd3 22. Rf4 Rd8 23. Bb2 {Caruana,F (2805)-Deac,B (2687) chess.com INT 2024 1-0 (47)}) 9. e4 Ne8 10. Nf3 d6 ({RR} 10... Ba6 11. O-O Na5 12. Qe2 Rc8 13. d5 f6 14. e5 exd5 15. cxd5 Bxd3 16. Qxd3 fxe5 17. Nxe5 d6 18. Nf3 Qd7 19. Bd2 Qf5 20. Qa6 Nc7 21. Qxa7 Nxd5 22. Rbe1 Ra8 23. Nh4 Qc8 24. Qxa8 Qxa8 25. Re4 {Kantor,G (2584)-Munkhdalai,A (2385) London ENG 2025 0-1}) 11. O-O $146 ({RR} 11. Bg5 f6 12. Be3 e5 13. h3 cxd4 14. cxd4 Nc7 15. O-O Qe7 16. Qc2 exd4 17. Nxd4 Nxd4 18. Bxd4 Ne6 19. Be3 Nc5 20. Bxc5 dxc5 21. a4 Be6 22. a5 Rab8 23. axb6 axb6 24. e5 g6 25. Rb3 Bf7 {Koneru,H (2545)-Cramling,P (2449) Stavanger NOR 2024 ½-½ (37)}) ({RR} 11. Bg5 f6 12. Be3 e5 13. h3 cxd4 14. cxd4 Nc7 15. O-O Qe7 16. Qc2 exd4 17. Nxd4 Nxd4 18. Bxd4 Ne6 19. Be3 Nc5 20. Bxc5 dxc5 21. a4 Be6 22. a5 Rab8 23. axb6 axb6 24. e5 g6 25. Rb3 Bf7 {Koneru,H (2545)-Cramling,P (2449) Stavanger NOR 2024 ½-½ (37)}) 11... Ba6 12. e5 h6 13. Qe2 Qd7 14. Bf4 Rc8 15. Rbd1 cxd4 16. cxd4 Na5 17. exd6 Nxd6 18. Ne5 Qd8 19. Qg4 Nf5 20. d5 Nxc4 21. Nc6 Qf6 22. Rfe1 b5 23. Bxf5 exf5 24. Qg3 Rce8 25. d6 Rxe1+ 26. Rxe1 Bc8 27. h3 Be6 28. Nxa7 Qb2 29. Nc6 Bd7 30. Ne7+ Kh7 31. Be5 Nxe5 32. Rxe5 g6 33. Re1 Qd4 34. Qe5 Qxe5 35. Rxe5 Ra8 36. Re3 Kg7 37. Kh2 Ra6 38. Rd3 Kf6 39. Ng8+ Kg7 40. Ne7 Rb6 41. Kg3 g5 42. f4 Ra6 43. h4 g4 44. h5 Kf6 45. Nd5+ Kg7 46. Nb4 Ra4 47. Rc3 Kf6 48. Re3 Be6 49. Kf2 Ra7 50. Rd3 Rd7 51. Nc6 Bc4 52. Ne5 Rd8 53. Rd4 Be6 54. d7 Kg7 55. g3 f6 56. Rd6 fxe5 57. Rxe6 exf4 58. Rd6 f3 59. Rd5 Kf6 60. Rd6+ Ke5 61. Rd3 Ke6 62. Rb3 Rxd7 63. Rxb5 Rd2+ 64. Ke3 Rg2 65. Kf4 f2 66. Rb6+ Kd7 67. Rb1 Rg1 0-1

[Event "Sinquefield Cup 6th"]
[Site "Saint Louis"]
[Date "2018.08.24"]
[Round "6"]
[White "Caruana, Fabiano"]
[Black "Karjakin, Sergey"]
[Result "1-0"]
[WhiteElo "2822"]
[BlackElo "2773"]
[Annotator "Krasenkow,Michal"]
[PlyCount "59"]
[EventDate "2018.08.18"]
[EventType "tourn"]
[EventRounds "9"]
[EventCountry "USA"]
[EventCategory "22"]
[SourceTitle "CBM 186"]
[Source "ChessBase"]
[SourceDate "2018.09.14"]
[SourceVersion "1"]
[SourceVersionDate "2018.09.14"]
[SourceQuality "1"]

1. d4 Nf6 2. c4 e6 3. Nc3 Bb4 4. g3 {Fernandez,D: 'Not one of the most common answers to the Nimzo-Indian. What seems to have occurred is that White gambled on Black wanting to try and play a Catalan-type structure, regardless of any slightly better options around.'} O-O (4... c5 {seems like the most principled continuation to me, especially since d5 is probably an ill-advised response. Sample lines:} 5. dxc5 (5. d5 Ne4 $1 6. Qc2 Qf6 $1 $15 {is a nice tactical point}) (5. Nf3 b6 6. Bg2 Bb7 7. O-O Bxc3 8. bxc3 $132 {is a normal Bogo-type position where Black could play, for instance, ...e4 or ...c6.}) 5... Na6 6. Bg2 O-O 7. Nf3 Nxc5 8. O-O Bxc3 9. bxc3 d6 $11) 5. Bg2 d5 {Fernandez,D: 'Not a mistake, but giving White the kind of game he asked for.'} (5... Nc6 $5 6. Nf3 Na5 {This is quite an unusual concept, relying from very early on upon the one weakness that has been created by White's fianchetto.} 7. Qa4 Bxc3+ 8. bxc3 b6 $11) 6. Nf3 dxc4 7. O-O {Fernandez,D: 'Of course, this is a position with significant theory around it, and Black should not be worse if he is extremely vigilant. In the next note, we will see a Black win...'} Nc6 8. Qa4 $5 {The idea of this move is prompt recapture of the c4-pawn.} Bd7 (8... Nd5 {is the main theoretical line, after which White has to play a pawn down and seek compensation: Fernandez,D: 'This is the early suggestion of my machine, but in my experience, the defence of a 'Catalan c4-pawn' with ...b6 or ...a5 is extremely easy to over-rate.'} 9. Qc2 Be7 (9... Nb6 10. Rd1 $44 {There will follow e4 and b3.}) ({Attempting to mix ideas doesn't work:} 9... a6 10. a3 Be7 11. e4 Nb6 12. Be3 $14) 10. Rd1 {etc.}) 9. Bg5 {The most logical move. Fernandez,D: 'This is almost a novelty, although its previous usage indicates some pedigree.'} (9. Rd1 Bxc3 10. bxc3 Nxd4 11. Qxc4 Nxf3+ 12. Bxf3 Qc8 13. Qc5 Re8 14. Bg5 Nd5 15. e4 Nb6 16. e5 Bc6 17. Bxc6 bxc6 18. Qxc6 h6 19. Be3 Nd5 $11 {1/2 (71) Baryshpolets,A (2609)-Henderson de La Fuente,L (2485) Rockville USA 2018}) ({Fernandez,D: 'Previously} 9. Qc2 {was tested.'} Be7 (9... Rb8 10. Rd1 b5 11. Ne5 Nxe5 12. dxe5 Nd5 13. Bxd5 exd5 14. Nxd5 Ba5 15. Bf4 $14 {1-0 (51) Mochalov,E (2374)-Vaganian,R (2550) Minsk 2018}) 10. e4 (10. Bg5 $5 {seems advisable here too, and there could follow} Rb8 11. Bxf6 Bxf6 12. Ne4 b5 13. b3 $13 {with considerable mess}) 10... Nb4 (10... Rb8 11. Rd1 b5 12. Qe2 b4 13. d5 $13 {1/2 (35) Porat,M (2274)-Mascaro March,P (2413) Arinsal 2011}) 11. Qe2 Nd3 12. Ne1 $13 (12. Be3 {0-1 (41) So,W (2780)-Anand,V (2768) Saint Louis 2018} c5 $17 {Fernandez,D: '!'} (12... b5 13. Ne1 Nxe1 14. Rfxe1 c6 15. Rad1 Rc8 16. d5 cxd5 17. exd5 Qa5 $36 {So,W-Anand,V Saint Louis 2018, White's Catalan bishop was looking less useful than usual.}))) ({RR} 9. Qc2 Be7 10. e4 Nb4 11. Qe2 Nd3 12. Be3 b5 13. Ne1 Nxe1 14. Rfxe1 c6 15. Rad1 Rc8 16. d5 cxd5 17. exd5 Qa5 18. a3 exd5 19. Bd2 Bd8 20. Nxd5 Qa6 21. Bc3 Re8 22. Qd2 Be6 23. Nb4 Qb6 {So,W (2780)-Anand,V (2768) Saint Louis 2018 0-1 (41)}) ({RR} 9. Rd1 Bxc3 10. bxc3 Nxd4 11. Qxc4 Nxf3+ 12. Bxf3 Qc8 13. Bf4 Nd5 14. Bxd5 exd5 15. Qxc7 Qxc7 {½-½ (15) Artemiev,V (2731)-Karjakin,S (2754) Bucharest 2019}) 9... a5 $6 {Hardly the best continuation. Fernandez,D: 'This is a reasonable choice. The various alternatives all reflect the reality that over the next few moves, both sides will lose their bishop pairs and White will recover the c4-pawn.'} (9... Rb8 {Fernandez,D: 'might be the most clinical move to equalise.'} 10. Rad1 (10. Bxf6 $5 Qxf6 11. Ne5 Qe7 12. Nxc6 bxc6 13. Bxc6 $14 {M.Roiz}) 10... Bxc3 11. bxc3 h6 12. Bxf6 Qxf6 13. Qxc4 $14 {1/2 (67) Matlakov,M (2735)-Tomashevsky,E (2713) St Petersburg 2017} Rfc8 $1 $11 {Matlakov,M-Tomashevsky,E St Petersburg 2017. Black gets ...a5 and ...c5 soon, Grünfeld-style, and I believe the position is approximately equal.}) (9... Bxc3 $142 $1 10. bxc3 Nxd4 11. Qxc4 Nc6 $1 {, and White's compensation for the pawn (pair of bishops and active pieces) is insufficient to claim an advantage:} 12. Rfd1 Qe7 13. Rab1 $1 Rab8 14. Nd4 h6 15. Be3 Qe8 $1 16. Nxc6 Bxc6 17. Bxa7 Ra8 18. Bxc6 Qxc6 19. Qxc6 bxc6 20. Rb7 Rfc8 21. c4 {1-0 (41) Roiz,M (2614)-Psakhis,L (2475) Israel ISR 2018} Ne8 $1 22. Rd7 e5 $11 {[%cal Yg7g5,Yg8g7,Yg7f6,Yf6e6] M.Roiz}) ({RR} 9... Bxc3 10. Bxf6 Nxd4 11. Bxd8 Nxe2+ 12. Kh1 Bxa4 13. Be7 Rfe8 14. Ba3 Bf6 15. Rfe1 Nd4 16. Nxd4 Bxd4 17. Rac1 Bxf2 18. Re4 Bc6 19. Rexc4 Bxg2+ 20. Kxg2 Bb6 21. R1c2 Rad8 22. Bb4 Rd5 23. Bc3 f6 24. a4 {Povshednyi,I (2291)-Levitan,C (2327) chess.com INT 2025 0-1}) 10. Bxf6 $1 (10. Rfd1 $6 {1-0 (17) Lenderman,A (2600)-Gretarsson,H (2568) Reykjavik ISL 2018} Bxc3 (10... Nxd4 $5 11. Rxd4 Bxc3 $6 (11... Bxa4 12. Rxd8 Rfxd8 13. Nxa4 h6 $15 {still leaves White a little awkwardly placed}) 12. Rxd7 Qxd7 13. Qxd7 Nxd7 14. bxc3 f6 15. Be3 Rab8 16. Nd4 Kf7 17. Nb5 $16 {Lenderman,A -Gretarsson,H Reykjavik 2018. Black's resignation here was perhaps a little early, but it is clear that the two pieces are very much better than the rook.}) 11. bxc3 Nb4 $17 {Fernandez,D: '!' Fernandez,D: 'was the correct way of exploiting White's awkward queen position.'}) 10... Qxf6 (10... gxf6 11. Qc2 {[%csl Rg8]}) 11. a3 {White regains a pawn and obtains a small but clear positional advantage.} Bxc3 $146 (11... Nxd4 12. Qxd7 Bxc3 13. bxc3 Nxe2+ 14. Kh1 Nxc3 15. Rfc1 b5 16. Qd4 $16) ({RR} 11... Bd6 12. Qxc4 e5 13. d5 Nb8 14. Ne4 Qe7 15. Rac1 Na6 16. Rfd1 f5 17. Nxd6 cxd6 18. b4 Rfc8 19. Qb3 axb4 20. axb4 Qd8 21. Nd2 Rxc1 22. Rxc1 Rc8 23. Rc3 Rxc3 24. Qxc3 Qb6 25. e4 Nxb4 26. exf5 {Nemec,J (2416)-Stalmach,R (2446) Ostrava CZE 2024 1-0 (43)}) ({RR} 11... Bd6 12. Qxc4 e5 13. d5 Nb8 14. Ne4 Qe7 15. Rac1 Na6 16. Rfd1 f5 17. Nxd6 cxd6 18. b4 Rfc8 19. Qb3 axb4 20. axb4 Qd8 21. Nd2 Rxc1 22. Rxc1 Rc8 23. Rc3 Rxc3 24. Qxc3 Qb6 25. e4 Nxb4 26. exf5 {Nemec,J (2416)-Stalmach,R (2446) Ostrava CZE 2024 1-0 (43)}) 12. bxc3 Qd8 (12... b6 $5 13. Qxc4 Rac8 $14) 13. Qxc4 a4 14. Nd2 Na5 15. Qb4 Ra7 {[%csl Ra7]} 16. Rab1 b6 {This defensive arrangement is too passive.} 17. e3 {This, however, allows an exchange of bishops, which improves Black's position.} (17. Rfd1 $142 Bc6 18. e4) (17. Nc4 $142 $5 Bc6 18. e4) 17... Bc6 18. Bxc6 Nxc6 19. Qb5 Qa8 20. c4 Rd8 21. Rfc1 e5 $2 {[%mdl 16384] It was better to wait:} (21... h6 $14) 22. d5 Nb8 (22... Ne7 23. e4 {[%cal Yc4c5]}) 23. c5 $1 Ra5 24. Qb2 Qxd5 25. cxb6 cxb6 26. Nc4 Rc5 27. Qxb6 $16 {White has a clear advantage now due to the poor position of Black's knight.} f6 $2 {[%mdl 8192] This move loses at once.} (27... Rf8 $142 28. Qxb8 Rxc4 29. Rxc4 Qxc4 30. Qxe5 $16) 28. Rd1 $1 Qxd1+ 29. Rxd1 Rxd1+ 30. Kg2 (30. Kg2 Nd7 (30... Rxc4 31. Qe6+) (30... Rc8 31. Qe6+) 31. Qe6+ Kf8 32. Nd6 Rxd6 33. Qxd6+ Ke8 34. Qe6+ Kd8 35. Qg8+ $18) 1-0

[Event "Tata Steel-A 74th"]
[Site "Wijk aan Zee"]
[Date "2012.01.15"]
[Round "2"]
[White "Caruana, Fabiano"]
[Black "Karjakin, Sergey"]
[Result "1-0"]
[WhiteElo "2736"]
[BlackElo "2769"]
[Annotator "Krasenkow,Michal"]
[PlyCount "129"]
[EventDate "2012.01.14"]
[EventType "tourn"]
[EventRounds "13"]
[EventCountry "NED"]
[EventCategory "21"]
[SourceTitle "CBM 147"]
[Source "ChessBase"]
[SourceDate "2012.03.16"]
[SourceVersion "1"]
[SourceVersionDate "2012.03.16"]
[SourceQuality "1"]

1. d4 Nf6 2. c4 e6 3. Nc3 Bb4 4. e3 O-O 5. Nge2 d5 6. a3 Be7 7. cxd5 exd5 8. b4 c6 9. Ng3 b5 {Black starts queenside counterplay.} (9... Re8 {is more common here.}) 10. Bd2 (10. Rb1 a5 11. Qc2 axb4 12. axb4 Bd6 (12... Na6 $144 13. Na2 Bd7 14. Bd3 Re8 15. O-O Bd6 16. f3 Qc7 17. Qf2 Be6 18. Bd2 Qe7 19. Rfc1 Nb8 20. Rb2 Ra3 21. Rc3 Ra6 $15 {0-1 El Gindy,E (2510)-Almasi,Z (2726)/Khanty-Mansiysk 2011/CBM 145 (36)}) 13. Bd3 Qe7 14. Qb2 Na6 15. Na2 Ne4 16. O-O f5 17. Bd2 Rf6 18. f4 Rh6 19. Bxe4 fxe4 20. Be1 Bd7 $15 {1/2 Vaisser,A (2490)-Horvath,J (2520)/Sochi 1985/MCD (46)}) 10... Nbd7 $6 {An inaccurate move, after which White seizes the initiative on the queenside.} (10... Be6 11. a4 Bxb4 12. axb5 Qe7 13. Na4 Nfd7 14. Bxb4 Qxb4+ 15. Qd2 Qd6 16. Bd3 cxb5 17. Bxb5 $14 {1-0 Graf,A (2405)-Smagin,S (2495)/Pinsk 1986/EXT 2000 (80)}) (10... Bg4 11. f3 Be6 12. a4 Bxb4 13. axb5 c5 14. Na4 Bxd2+ 15. Qxd2 c4 16. Be2 Nbd7 17. Nc3 h5 18. Bd1 h4 19. Nge2 Bf5 20. Nf4 Nb6 21. g4 $1 $14 {1-0 Smirnov,A (2286)-Loginov,V (2524)/St Petersburg 2002/CBM 089 (47)}) (10... Re8 11. Bd3 Nbd7 12. a4 Bxb4 13. axb5 c5 14. O-O c4 15. Bc2 a5 16. e4 dxe4 17. Ncxe4 Bb7 18. Bxb4 Nxe4 19. Bxe4 Bxe4 20. Nxe4 Rxe4 21. Bc3 Nf6 $11 {1-0 Socko,M (2486)-Dzagnidze,N (2534)/Khanty-Mansiysk 2010/CBM 139 (41)}) (10... a5 $5 {looks the most logical, e.g.} 11. bxa5 Rxa5 12. a4 b4 (12... bxa4 13. Nxa4 Ra7 14. Bd3 Bd6 15. f3 Re8 16. Kf2 h5 17. Qc2 Qc7 18. Ne2 Na6 19. Rab1 Qe7 $132 {1-0 Manolache,M (2437)-Burnoiu,N (2431)/Curtea de Arges 2002/CBM 091 ext (63)}) 13. Na2 c5 14. dxc5 Bxc5 15. Nxb4 d4 16. Nd3 dxe3 17. fxe3 Re8 18. Bxa5 Qxa5+ 19. Qd2 Qxd2+ 20. Kxd2 Bxe3+ 21. Kc2 Nc6 $44 {1/2 Graf,R (2353)-Prudnikova,S (2419)/Warsaw 2001/CBM 082 ext (54)}) 11. a4 $1 Bxb4 12. axb5 c5 13. Qb3 $146 {I am not sure this move is necessary.} (13. Bd3 {brought White a clear advantage in the following game:} c4 $6 (13... cxd4 $142 14. exd4 Re8+ 15. Nce2) 14. Bc2 Nb6 15. O-O Re8 16. h3 g6 17. Qf3 Bb7 18. Rfb1 Bxc3 19. Bxc3 Ne4 20. Be1 Re6 21. Nxe4 dxe4 22. Qe2 Qd5 23. Ra5 f5 24. Rba1 $16 {1-0 Asis Gargatagli,H (2374)-Corrales Jimenez,F (2499)/Barbera del Valles 2007/CBM 119 ext (41)}) (13. Na4 $5) ({RR} 13. dxc5 Nxc5 14. Rb1 Ba5 15. Be2 d4 16. Na2 dxe3 17. fxe3 Nfe4 18. Bb4 Bxb4+ 19. Nxb4 Qf6 20. Nxe4 Nxe4 21. Bf3 Qc3+ 22. Ke2 Bf5 23. Qc1 Qf6 24. Rb2 Rac8 25. Nc6 a6 26. Rc2 Ng5 27. Rc5 axb5 {Faizrakhmanov,R (2317)-Bukavshin,I (2522) Togliatti 2014 ½-½ (61)}) ({RR} 13. Bd3 c4 14. Bc2 Nb6 15. O-O Re8 16. h3 g6 17. Qf3 Bb7 18. Rfb1 Bxc3 19. Bxc3 Ne4 20. Be1 Re6 21. Nxe4 dxe4 22. Qe2 Qd5 23. Ra5 f5 24. Rba1 Rf8 25. Rxa7 f4 26. Qg4 h5 27. Qh4 f3 {Asis Gargatagli,H (2374)-Corrales Jimenez,F (2499) Barbera del Valles 2007 1-0 (41)}) 13... Nb6 (13... a5 $5) 14. Be2 Qe7 15. O-O Be6 16. Qb2 cxd4 17. exd4 Bd6 18. Rfe1 Rac8 19. Bd3 Qb7 (19... Nc4 20. Bxc4 Rxc4 21. Nf5 Qd8 22. Nxd6 Qxd6 23. Ra6 Qc7 24. h3 $14 Rxd4 25. Be3) (19... Bb8 $5 {[%cal Yb6c4]} 20. Bg5 $140 (20. Nce2 Nc4) 20... h6) 20. Bg5 Nfd7 21. Nce2 Nc4 22. Qb1 h6 23. Bf4 $1 {The exchange of these bishops is clearly favourable for White.} Be7 (23... Ndb6 {may be the lesser evil after all.}) 24. Nf5 Bf6 $6 {Surprisingly,} (24... Bxf5 25. Bxf5 Bd6 $5 {deserved attention as after getting rid of the "bad" bishop this bishop exchange becomes quite satisfactory for Black.}) 25. Neg3 Bxf5 $6 {It was already very difficult to defend.} (25... Rce8 {may be more stubborn.}) 26. Nxf5 Ndb6 27. Qd1 $1 {[%mdl 128] Black's king is almost naked, and White starts a decisive attack.} Rfe8 (27... Nb2 28. Nxh6+ $1 gxh6 29. Qg4+ Bg7 (29... Kh8 30. Qf5 Nxd3 31. Qxf6+ Kh7 32. Qxh6+ Kg8 33. Qg5+ Kh7 34. Qh5+ Kg8 35. Bh6 f6 36. Re3 $18) 30. Bf5 (30. Bxh6 f5 31. Bxf5 {is quite good, too}) 30... Kh8 31. Qh4 $18 {[%cal Rf4h6,Re1e7]}) 28. Qg4 Kf8 29. Bd6+ Nxd6 30. Nxd6 Rxe1+ 31. Rxe1 Qc7 32. Qxc8+ $5 Qxc8 33. Nxc8 Nxc8 {The rest is clear.} 34. Be2 Nd6 35. Ra1 Bxd4 36. Rd1 Bb6 37. Rxd5 Ke7 38. g3 g6 39. Kg2 Ke6 40. Rd1 h5 41. Bd3 Ke7 42. Re1+ Kf6 43. f4 Kg7 44. Kf3 Kf6 45. Re5 Bg1 46. h3 Bb6 47. g4 hxg4+ 48. hxg4 Kg7 49. Rd5 Bc7 50. Rc5 Bb6 51. Rc6 Ne8 52. g5 Kf8 53. Ke4 Ke7 54. Rc2 Nc7 55. Bc4 Ne8 56. Kd5 Kd7 57. Rh2 Be3 58. b6 Nd6 59. bxa7 Bxa7 60. Bd3 Be3 61. Ke5 Ke7 62. Rh7 Bc1 63. Bxg6 Bb2+ 64. Kd5 Bc1 65. Bxf7 1-0

[Event "Titled Tue 19th Mar Late"]
[Site "chess.com INT"]
[Date "2024.03.19"]
[Round "5"]
[White "Caruana, F.."]
[Black "Kazakouski, Valery"]
[Result "1-0"]
[WhiteElo "2804"]
[BlackElo "2608"]
[PlyCount "81"]
[EventDate "2024.03.19"]

1. d4 Nf6 2. c4 e6 3. Nc3 Bb4 4. e3 b6 5. Nge2 Ba6 6. Ng3 Bxc3+ 7. bxc3 d5 8. cxd5 Bxf1 9. Rxf1 Qxd5 10. f3 Nc6 11. Qe2 ({RR} 11. e4 Qc4 12. Qb3 Na5 13. Qxc4 Nxc4 14. Ke2 c5 15. Kd3 Na5 16. Rd1 O-O-O 17. Nf1 Nc6 18. Ke3 Rd7 19. Bb2 Rhd8 20. Rac1 Kb7 21. Rd2 Ne8 22. dxc5 Ne5 23. Rd4 bxc5 24. Ra4 Rd1 25. Ke2 Rxc1 {Raczek,K (2449)-Vantika,A (2377) Przeworsk POL 2025 ½-½ (44)}) 11... O-O-O $146 ({RR} 11... Na5 12. e4 Qc4 13. Qxc4 Nxc4 14. Bg5 Nd7 15. Ke2 O-O 16. Rab1 a6 17. Rfd1 b5 18. d5 Ndb6 19. dxe6 fxe6 20. Ke1 h6 21. Bc1 Rad8 22. f4 Na4 23. Ne2 Nc5 24. Ng3 Na4 25. Ne2 Nc5 26. e5 {Nakamura,H (2794)-Caruana,F (2805) Stavanger NOR 2024 0-1 (46)}) 12. e4 Qa5 13. Bd2 Qa4 14. Kf2 h5 15. h4 Na5 16. Rfb1 Ne8 17. Rb4 Qc6 18. e5 f6 19. Rc1 fxe5 20. Qxe5 Nf6 21. c4 Nd7 22. Qe2 e5 23. c5 bxc5 24. dxc5 Nf6 25. Rcb1 Qxc5+ 26. Be3 Qc6 27. Rb8+ Kd7 28. Rd1+ Nd5 29. Rb5 Ke6 30. Rxa5 Nxe3 31. Rxd8 Ng4+ 32. fxg4 Qb6+ 33. Kf1 Rxd8 34. Rxe5+ Kd7 35. Rd5+ Kc8 36. Rxd8+ Kxd8 37. Nxh5 g6 38. Nf4 Qf6 39. g3 a6 40. g5 Qf5 41. Kg2 1-0

[Event "FIDE Grand Swiss 2023"]
[Site "Douglas IOM"]
[Date "2023.11.05"]
[Round "11.4"]
[White "Caruana, F.."]
[Black "Keymer, Vincent"]
[Result "1/2-1/2"]
[WhiteElo "2786"]
[BlackElo "2717"]
[PlyCount "92"]
[EventDate "2023.10.25"]

1. d4 Nf6 2. c4 e6 3. Nc3 Bb4 4. g3 Bxc3+ 5. bxc3 d6 6. Bg2 Nc6 ({RR} 6... e5 7. a4 O-O 8. a5 e4 9. Bg5 Re8 10. Qb1 c5 11. Bxe4 cxd4 12. Bxh7+ Kh8 13. cxd4 Nc6 14. Bd3 d5 15. c5 Nxd4 16. Qb4 Ne6 17. Nf3 Kg8 18. O-O Qe7 19. Bxf6 Qxf6 20. Rfc1 Nd8 21. Qb3 {Mamedyarov,S (2738)-Sjugirov,S (2712) chess.com INT 2023 1-0}) 7. Nf3 O-O 8. Bg5 $146 ({RR} 8. Qd3 Re8 9. O-O e5 10. Nd2 Qe7 11. e4 b6 12. Re1 Ba6 13. Ba3 Qd7 14. f4 Na5 15. fxe5 dxe5 16. d5 c5 17. Rf1 Qe7 18. Bf3 Rf8 19. Bd1 Ne8 20. Ba4 Nd6 21. Bb5 Bc8 22. Nb3 Nab7 {Atalik,S (2437)-Pap,M (2412) Paracin SRB 2024 1-0 (47)}) ({RR} 8. Qd3 e5 9. Nd2 Bd7 10. O-O Re8 11. f4 exd4 12. cxd4 Nb4 13. Qb1 c5 14. e4 Ba4 15. Nb3 cxd4 16. Ba3 Qb6 17. Bxb4 Qxb4 18. Qd3 Rac8 19. Rfc1 b5 20. cxb5 Rc3 21. Rxc3 dxc3 22. e5 Bxb3 {Polyik,P (2351)-Papp,B (2223) Balatonlelle HUN 2025 0-1}) ({RR} 8. Qd3 Rb8 9. Nd2 Qd7 10. Nb3 b6 11. Bg5 Ne8 12. O-O Bb7 13. Rfd1 h6 14. Bf4 Qe7 15. d5 Ne5 16. Bxe5 dxe5 17. Qe3 Nd6 18. Nd2 Rbe8 19. c5 Nf5 20. Qxe5 Qxc5 21. Nb3 Qd6 22. Qxd6 Nxd6 {Bluebaum,M (2669)-Keymer,V (2700) chess.com INT 2023 1-0 (156)}) 8... e5 9. h3 Bf5 10. g4 Be4 11. O-O Kh8 12. e3 Qe7 13. Nh4 h6 14. Bxf6 Qxf6 15. Bxe4 Qxh4 16. Rb1 Rae8 17. Qf3 f5 18. gxf5 exd4 19. Bxc6 bxc6 20. cxd4 Qg5+ 21. Kh2 Qxf5 22. Qxf5 Rxf5 23. Rb7 c5 24. Rxc7 cxd4 25. exd4 Re2 26. Rxa7 Rc2 27. Ra4 Rf4 28. d5 Rfxc4 29. Rxc4 Rxc4 30. Ra1 Ra4 31. Kg3 Kh7 32. h4 Kg6 33. Re1 Rxa2 34. Re6+ Kf5 35. Rxd6 Rd2 36. Rd8 Rd3+ 37. f3 g5 38. d6 gxh4+ 39. Kxh4 Ke6 40. f4 Rxd6 41. f5+ Ke5 42. Rxd6 Kxd6 43. Kh5 Ke7 44. Kg6 Kf8 45. Kxh6 Kf7 46. f6 Kxf6 1/2-1/2

[Event "Titled Tue 25th Jun Early"]
[Site "chess.com INT"]
[Date "2024.06.25"]
[Round "7"]
[White "Caruana, F.."]
[Black "Korobov, A.."]
[Result "0-1"]
[WhiteElo "2805"]
[BlackElo "2659"]
[PlyCount "94"]
[EventDate "2024.06.25"]

1. d4 Nf6 2. c4 e6 3. Nc3 Bb4 4. e3 O-O 5. a3 Bxc3+ 6. bxc3 b6 7. Bd3 d5 8. cxd5 exd5 9. Ne2 Ba6 10. O-O Bxd3 11. Qxd3 c5 12. f3 Nc6 13. Bb2 Re8 14. Ng3 h5 15. Rad1 ({RR} 15. Rae1 h4 16. Nf5 h3 17. Re2 Rc8 18. e4 cxd4 19. cxd4 Ne7 20. e5 Nxf5 21. Qxf5 Qd7 22. g4 Qxf5 23. gxf5 Nh5 24. f4 Rc4 25. Re3 Rc2 26. Rxh3 g6 27. Bc1 Ng7 28. fxg6 fxg6 29. Be3 Nf5 {Grischuk,A (2758)-Maghsoodloo,P (2701) Chess.com INT 2022 0-1 (72)}) 15... Qc7 $146 ({RR} 15... Qe7 16. Rfe1 Qe6 17. h4 Rad8 18. e4 dxe4 19. fxe4 Qg4 20. Qf3 Qxh4 21. Nf5 Qg4 22. Nh6+ gxh6 23. Qxf6 Re6 24. Qf2 Rxe4 25. d5 Ne5 26. Rxe4 Qxd1+ 27. Re1 Qxd5 28. c4 Nxc4 29. Bf6 Kf8 30. Qf4 {Ajay,K (2315)-Padmini,R (2370) Chess.com INT 2020 0-1 (40)}) ({RR} 15... h4 16. Nh1 c4 17. Qe2 b5 18. Nf2 a5 19. e4 b4 20. e5 bxc3 21. Bxc3 Rb8 22. Qd2 Nh7 23. Rb1 Qg5 24. f4 Qf5 25. Rxb8 Rxb8 26. Bxa5 Nf8 27. g3 hxg3 28. hxg3 Ne6 29. Bc3 Rb3 30. Kg2 {Krylov,P (1974)-Weidemann,J (2142) Velp NED 2024 0-1 (33)}) 16. e4 h4 17. Nf5 dxe4 18. fxe4 Rxe4 19. Nh6+ gxh6 20. Rxf6 Rae8 21. Rdf1 Re1 22. Qh3 Qe7 23. Qg4+ Kf8 24. R6f2 Rxf1+ 25. Rxf1 Qe3+ 26. Kh1 Qf2 27. Qf3 Qxf3 28. gxf3 h3 29. dxc5 bxc5 30. Bc1 Re2 31. Bxh6+ Ke7 32. Bf4 Ke6 33. Bg3 Ne5 34. f4 Ng4 35. f5+ Kd5 36. c4+ Kc6 37. Rd1 Rc2 38. Kg1 Rxc4 39. Rd6+ Kb5 40. Kf1 Rc2 41. Ke1 Nxh2 42. Kd1 Rg2 43. Bxh2 Rxh2 44. Rh6 c4 45. Rh7 c3 46. Kc1 Kc4 47. Rxf7 Rf2 0-1